00607nam a2200169 a 450000100100000000500170001000800410002702000150006804000250008308200150010810000240012324501270014726000370027430000280031153400740033970000240041300002310020200930022004.0101126s1994 ag a r 000 | spa d a9508850078 aDO-SdBNPbspacBNPHU axxxbG618m1 aGoldberg, Steven H.10aMi primer juicio oral :b¿dónde me siento?, ¿ y qué diré ? /cSteven H. Goldberg ; traducción por Aníbal Leal. aBuenos Aires :bHeliasta,c1994. a262 p. :bil. ;c23 cm. aTítulo original :tThe first trial : where do I sit? What do I say?1 aLeal, Aníbaletr.